Tratados y convenciones internacionales vigentes para Guatemala

সংরক্ষণ করুন:
গ্রন্থ-পঞ্জীর বিবরন
সংস্থা লেখক: Guatemala. Ministerio de Relaciones Internacionales
বিন্যাস: পাঠ‍্য
প্রকাশিত: Guatemala: MRE
ট্যাগগুলো: ট্যাগ যুক্ত করুন
কোনো ট্যাগ নেই, প্রথমজন হিসাবে ট্যাগ করুন!

MARC

LEADER 00000 a a2200000 04500
001 23088
003
040
090 |a 159200  
110 |a Guatemala. Ministerio de Relaciones Internacionales  
245 |a Tratados y convenciones internacionales vigentes para Guatemala  
260 |a Guatemala:   |b MRE  
300 |a 179 p.; vol. III   |b **no definido**   |b il.  
999 |c 16181  |d 16181